000 00399nam a2200157 i 4500
001 33653
003 ES-MaACL
005 20230906154809.0
007 t|
008 030203s1914 fr ||||1| fre d
100 1 _aBirot, Georges.
_928986
245 1 3 _aLe home rule irlandais /
_cGeorges Birot.
260 _aParis :
_bM. Giard,
_c1914.
300 _a184 p. ;
_c25 cm.
852 _aES-MaACL
_jF-9899
999 _c33653
_d33653